La problemática ocupacional en un contexto de crisis: Argentina, 1976-1984 /
Guardat en:
| Autor corporatiu: | , |
|---|---|
| Format: | Text |
| Publicat: |
Buenos Aires:
Proyecto Gobierno Argentino/PNUD/OIT
|
| Matèries: | |
| Etiquetes: |
Afegir etiqueta
Sense etiquetes, Sigues el primer a etiquetar aquest registre!
|
MARC
| LEADER | 00000 a a2200000 04500 | ||
|---|---|---|---|
| 001 | 18193 | ||
| 003 | |||
| 040 | |||
| 090 | |a 025000 | ||
| 110 | |a Argentina. Secretaría de Planificación | ||
| 245 | |a La problemática ocupacional en un contexto de crisis: Argentina, 1976-1984 / |c Argentina. Secretaría de Planificación | ||
| 260 | |a Buenos Aires: |b Proyecto Gobierno Argentino/PNUD/OIT | ||
| 300 | |a 34 p. | ||
| 300 | |b **no definido** | ||
| 650 | |a ESTRUCTURA DEL EMPLEO | ||
| 650 | |a MERCADO DE TRABAJO | ||
| 650 | |a SUBEMPLEO | ||
| 650 | |a POLITICA DE EMPLEO | ||
| 650 | |a EQUILIBRIO ECONOMICO | ||
| 650 | |a MANO DE OBRA | ||
| 650 | |a CLASIFICACION PARA EL EMPLEO | ||
| 650 | |a SECTORES DE LA ECONOMIA | ||
| 650 | |a PRODUCTO INTERNO BRUTO | ||
| 650 | |a COSTOS DE PRODUCCION | ||
| 650 | |a DESEMPLEO | ||
| 650 | |a SUBEMPLEO | ||
| 650 | |a ESCASEZ DE MANO DE OBRA | ||
| 650 | |a DISTRIBUCION POR EDAD Y SEXO | ||
| 650 | |a ASALARIADOS | ||
| 710 | |a Argentina. Ministerio de Trabajo y Seguridad Social | ||
| 999 | |c 6016 |d 6016 | ||
